Library Banner

Under the black flag (Record no. 83613)

MARC details
000 -LEADER
fixed length control field 00450nam a2200169Ia 4500
001 - CONTROL NUMBER
control field 71250
008 - FIXED-LENGTH DATA ELEMENTS--GENERAL INFORMATION
fixed length control field 160226s9999 xx 000 0 und d
020 ## - INTERNATIONAL STANDARD BOOK NUMBER
International Standard Book Number 9781784533083
040 ## - CATALOGING SOURCE
Transcribing agency PK-LaUMT
082 ## - DEWEY DECIMAL CLASSIFICATION NUMBER
Classification number 956.91
Item number MOU-U
100 ## - MAIN ENTRY--PERSONAL NAME
Personal name Moubayed, Sami
245 ## - TITLE STATEMENT
Title Under the black flag
Remainder of title at the frontier of the new jihad
Statement of responsibility, etc Moubayed, Sami
260 ## - PUBLICATION, DISTRIBUTION, ETC. (IMPRINT)
Place of publication, distribution, etc London,UK:
Name of publisher, distributor, etc I. B. Tauris Publishers,
Date of publication, distribution, etc 2015
300 ## - PHYSICAL DESCRIPTION
Extent 240 p.
546 ## - LANGUAGE NOTE
Language note EN
942 ## - ADDED ENTRY ELEMENTS (KOHA)
Koha item type Books
Holdings
Withdrawn status Lost status Damaged status Not for loan Home library Current library Date acquired Total Checkouts Full call number Barcode Date last seen Date checked out Price effective from Koha item type
        UMT Main Campus UMT Main Campus 2016-02-26 8 956.91 MOU-U 97649 2023-06-23 2023-06-02 2016-02-26 Books